<?xml version="1.0" encoding="UTF-8"?><?xml-stylesheet type="text/xsl" href="static/style.xsl"?><OAI-PMH xmlns="http://www.openarchives.org/OAI/2.0/" xmlns:xsi="http://www.w3.org/2001/XMLSchema-instance" xsi:schemaLocation="http://www.openarchives.org/OAI/2.0/ http://www.openarchives.org/OAI/2.0/OAI-PMH.xsd"><responseDate>2026-04-17T15:06:52Z</responseDate><request verb="GetRecord" identifier="oai:www.recercat.cat:10230/69601" metadataPrefix="marc">https://recercat.cat/oai/request</request><GetRecord><record><header><identifier>oai:recercat.cat:10230/69601</identifier><datestamp>2025-12-22T20:20:33Z</datestamp><setSpec>com_2072_6</setSpec><setSpec>col_2072_452954</setSpec></header><metadata><record xmlns="http://www.loc.gov/MARC21/slim" xmlns:dcterms="http://purl.org/dc/terms/" xmlns:xsi="http://www.w3.org/2001/XMLSchema-instance" xmlns:doc="http://www.lyncode.com/xoai" xsi:schemaLocation="http://www.loc.gov/MARC21/slim http://www.loc.gov/standards/marcxml/schema/MARC21slim.xsd">
   <leader>00925njm 22002777a 4500</leader>
   <datafield ind2=" " ind1=" " tag="042">
      <subfield code="a">dc</subfield>
   </datafield>
   <datafield ind2=" " ind1=" " tag="720">
      <subfield code="a">Cases Gendra, Jan</subfield>
      <subfield code="e">author</subfield>
   </datafield>
   <datafield ind2=" " ind1=" " tag="260">
      <subfield code="c">2025-02-13T11:53:45Z</subfield>
   </datafield>
   <datafield ind2=" " ind1=" " tag="260">
      <subfield code="c">2025-02-13T11:53:45Z</subfield>
   </datafield>
   <datafield ind2=" " ind1=" " tag="260">
      <subfield code="c">2024</subfield>
   </datafield>
   <datafield ind2=" " ind1=" " tag="520">
      <subfield code="a">Treball de Fi de Grau en Enginyeria Biomèdica. Curs 2023-2024</subfield>
   </datafield>
   <datafield ind2=" " ind1=" " tag="520">
      <subfield code="a">Tutors: Ralph G. Andrzejak, Giulio Ruffini, Francesca Castaldo i Edmundo Lopez-Sola</subfield>
   </datafield>
   <datafield ind2=" " ind1=" " tag="520">
      <subfield code="a">Background – Psychedelics hold great potential to treat various mental disorders, yet their neurobiological mechanisms remain unclear. Recent mechanistic models have provided valuable insights into the impact of serotonergic psychedelics on brain dynamics. However, these models focus mainly on macroscale brain activity and provide limited information on the psychedelics’ mechanisms at the neural population level.
Methods – We provide a novel mechanistic explanation of the well-studied power spectrum alterations in spontaneous cortical activity observed under serotonergic psychedelics. We combine a physiologically grounded whole-brain model optimised with multimodal neuroimaging of healthy human participants with neurotransmitter data from positron emission tomography (PET) of the serotonin 2A receptor (5-HT2AR) density map. Building upon the recent laminar neural mass modelling (LaNMM) framework (Sanchez-Todo et al., 2023), the whole-brain model simulates multiband activity and electrophysiological measurements of the cortical columns, where the 5-HT2AR density controls the average synaptic gain of excitatory connections to layer 5 pyramidal neural populations, known to be rich in 5-HT2ARs.
Results – Our findings suggest that the decrease in spontaneous cortical oscillatory power in the alpha band and increase in the gamma band are mainly influenced by the 5-HT2AR-mediated excitation of deep-layer pyramidal cells. These findings explain the functional effects of 5-HT2AR activation with psychedelics and allow us to propose a novel whole-brain biologically-informed explanation for this phenomenon detailed at the mesoscale and based on NMMs.
Perspectives – This model provides valuable insight into the mechanistic underpinnings of psychedelic action in the brain and could be employed to investigate the neuromodulatory potential of psychedelics in re-establishing healthy brain dynamics in mental disorders.</subfield>
   </datafield>
   <datafield tag="653" ind2=" " ind1=" ">
      <subfield code="a">Treball de fi de grau – Curs 2023-2024</subfield>
   </datafield>
   <datafield tag="653" ind2=" " ind1=" ">
      <subfield code="a">Neuropsychiatry</subfield>
   </datafield>
   <datafield tag="653" ind2=" " ind1=" ">
      <subfield code="a">Psychedelics</subfield>
   </datafield>
   <datafield tag="653" ind2=" " ind1=" ">
      <subfield code="a">Serotonin</subfield>
   </datafield>
   <datafield tag="653" ind2=" " ind1=" ">
      <subfield code="a">PET</subfield>
   </datafield>
   <datafield tag="653" ind2=" " ind1=" ">
      <subfield code="a">Whole-brain model</subfield>
   </datafield>
   <datafield tag="653" ind2=" " ind1=" ">
      <subfield code="a">NMM</subfield>
   </datafield>
   <datafield tag="653" ind2=" " ind1=" ">
      <subfield code="a">Neuromodulation</subfield>
   </datafield>
   <datafield ind2="0" ind1="0" tag="245">
      <subfield code="a">A novel biophysical whole-brain model explains power spectrum alterations of serotonergic psychedelics</subfield>
   </datafield>
</record></metadata></record></GetRecord></OAI-PMH>